[Event "4th EUR-ch (w)"]
[Site "Istanbul TUR"]
[Date "2003.06.02"]
[Round "1"]
[White "Galoian, Lilit"]
[Black "Bojkovic, Natasa"]
[Result "0-1"]
[WhiteElo "2242"]
[BlackElo "2416"]
[EventDate "2003.06.01"]
[Board "22"]
[PlyCount "82"]
[EventRounds "11"]
[EventCountry "TUR"]

1.d4 Nf6 2.c4 e6 3.Nc3 Bb4 4.e3 O-O 5.Ne2 d5 6.a3 Be7 7.Nf4 c6 8.Be2 Nbd7 
9.cxd5 exd5 10.O-O Bd6 11.Qc2 Re8 12.Bd3 Nf8 13.Bd2 Qc7 14.g3 Ng6 15.Ng2 
Bh3 16.Rae1 Rad8 17.Bc1 a6 18.Na4 a5 19.f3 Bf8 20.b3 Bd6 21.e4 dxe4 22.
fxe4 Bf8 23.Bb2 Qb8 24.Nc5 Qa7 25.Re3 Ng4 26.Ref3 N4e5 27.Rxf7 Bxc5 28.
dxc5 Nxf7 29.Qc4 Be6 30.Qc3 Nfe5 31.Bc2 b5 32.Nf4 b4 33.axb4 axb4 34.Qxb4 
Nd7 35.Bd4 Ndf8 36.Qc3 Qe7 37.Rd1 Bg4 38.Rd3 Qf7 39.b4 Nxf4 40.gxf4 Qxf4 
41.Rg3 Ng6 0-1

[Event "4th EUR-ch (w)"]
[Site "Istanbul TUR"]
[Date "2003.06.02"]
[Round "1"]
[White "Agababean, Naira"]
[Black "Cavusoglu, Yildiz"]
[Result "1-0"]
[WhiteElo "2319"]
[BlackElo "2045"]
[EventDate "2003.06.01"]
[Board "55"]
[PlyCount "89"]
[EventRounds "11"]
[EventCountry "TUR"]

1.d4 d5 2.Nf3 Nf6 3.c4 e6 4.Nc3 Be7 5.e3 O-O 6.Bd3 dxc4 7.Bxc4 c5 8.O-O 
Nc6 9.Qe2 a6 10.Rd1 Qc7 11.a3 b5 12.Ba2 Bb7 13.Bd2 Rad8 14.Be1 h6 15.Rac1 
Qb6 16.dxc5 Bxc5 17.Qc2 Be7 18.Bb1 Rxd1 19.Rxd1 Rd8 20.Rc1 g6 21.Ne2 b4 
22.Ba2 Kg7 23.Ng3 a5 24.h4 Rc8 25.Qd1 Rd8 26.Qa4 Bd6 27.Nf1 Be7 28.Bc4 
bxa3 29.bxa3 Qb2 30.Rc3 Ba8 31.Rb3 Qc1 32.Bd2 Qc2 33.Bc3 Rd1 34.Qb5 Qc1 
35.h5 g5 36.Nh2 Bd8 37.Be2 Rd5 38.Qa6 a4 39.Bxf6+ Bxf6 40.Rb6 Rd8 41.Qxa4 
Ne7 42.Ng4 Bb2 43.Qb4 Bxa3 44.Qa5 Nd5 45.Ra6 1-0

[Event "4th EUR-ch (w)"]
[Site "Istanbul TUR"]
[Date "2003.06.05"]
[Round "4"]
[White "Zayats, Elena"]
[Black "Mkrtchian, Lilit"]
[Result "0-1"]
[WhiteElo "2339"]
[BlackElo "2416"]
[EventDate "2003.06.01"]
[Board "18"]
[PlyCount "84"]
[EventRounds "11"]
[EventCountry "TUR"]

1.d4 Nf6 2.c4 e6 3.Nc3 Bb4 4.e3 c5 5.Ne2 cxd4 6.exd4 d5 7.c5 Ne4 8.Bd2 
Nxd2 9.Qxd2 a5 10.a3 Bxc3 11.Nxc3 a4 12.Bd3 b6 13.Bb5+ Bd7 14.Bxd7+ Qxd7 
15.cxb6 Qc6 16.Qd1 O-O 17.Rc1 Nd7 18.b7 Qxb7 19.Nxa4 Qb5 20.b3 Rfc8 21.
Rxc8+ Rxc8 22.Kd2 e5 23.Re1 exd4 24.Qb1 g6 25.Re2 Nf6 26.f3 Rb8 27.Re1 
Qxb3 28.Qxb3 Rxb3 29.Ra1 Nd7 30.Kc2 Re3 31.Rd1 Rxa3 32.Rxd4 Ra2+ 33.Nb2 
Nf6 34.h4 h5 35.g4 Ra5 36.Na4 Ne8 37.Nc3 Nc7 38.Kb3 Rc5 39.Kb4 Rxc3 40.
Kxc3 Nb5+ 41.Kd3 Nxd4 42.Kxd4 g5 0-1

[Event "4th EUR-ch (w)"]
[Site "Istanbul TUR"]
[Date "2003.06.05"]
[Round "4"]
[White "Andersson, Christin"]
[Black "Gerasimovich, Olga"]
[Result "1-0"]
[WhiteElo "2142"]
[BlackElo "2200"]
[EventDate "2003.06.01"]
[Board "54"]
[PlyCount "119"]
[EventRounds "11"]
[EventCountry "TUR"]

1.e4 d5 2.exd5 Qxd5 3.Nc3 Qa5 4.d4 Nf6 5.Bc4 c6 6.Ne2 Bg4 7.f3 Bf5 8.Ng3 
Bg6 9.O-O e6 10.Nce4 Nbd7 11.c3 Qc7 12.Qe2 O-O-O 13.b4 Nd5 14.Qd2 h6 15.a4
f5 16.Bxd5 cxd5 17.Nc5 Bf7 18.Ba3 Nb6 19.a5 Nc4 20.Qe2 Re8 21.f4 Bd6 22.
Bc1 g5 23.Nd3 h5 24.Ne5 h4 25.Nh1 Bh5 26.Qf2 gxf4 27.Bxf4 Bxe5 28.dxe5 Kb8
29.Rfb1 Reg8 30.b5 Qe7 31.Ra4 Rg4 32.Qd4 Rhg8 33.g3 hxg3 34.hxg3 Qh4 35.
Rxc4 dxc4 36.a6 Qd8 37.Qxc4 Qb6+ 38.Kg2 Rd8 39.Nf2 Rg7 40.Rh1 Bg4 41.Rh6 
Re8 42.Nd3 Rc7 43.Qb4 Be2 44.Qd6 Bxd3 45.Qxd3 Qc5 46.Qd6 Qc4 47.Rh7 Qe2+ 
48.Kg1 Qe1+ 49.Kg2 Qxc3 50.Be3 Rc8 51.axb7 Kxb7 52.Qa6+ Ka8 53.Bxa7 Qd2+ 
54.Bf2+ Kb8 55.Qb6+ Ka8 56.Qxe6 Qg5 57.b6 Rc6 58.b7+ Kb8 59.bxc8=Q+ Rxc8 
60.Qb3+ 1-0

[Event "4th EUR-ch (w)"]
[Site "Istanbul TUR"]
[Date "2003.06.06"]
[Round "5"]
[White "Kosintseva, Tatiana"]
[Black "Pahtz, Elisabeth"]
[Result "1-0"]
[WhiteElo "2457"]
[BlackElo "2384"]
[EventDate "2003.06.01"]
[Board "4"]
[PlyCount "101"]
[EventRounds "11"]
[EventCountry "TUR"]

1.e4 c5 2.c3 d5 3.exd5 Qxd5 4.d4 Nf6 5.Nf3 Bg4 6.dxc5 Qxd1+ 7.Kxd1 e5 8.b4
e4 9.h3 Bh5 10.g4 Nxg4 11.hxg4 Bxg4 12.Nd2 exf3 13.Bd3 h5 14.Re1+ Be7 15.
Be4 Nc6 16.Kc2 Kf8 17.Nxf3 Re8 18.Bf4 Bf6 19.Bd5 Bf5+ 20.Kb3 Be6 21.Bxe6 
Rxe6 22.Rxe6 fxe6 23.Rd1 Ke7 24.b5 Nb8 25.Bd6+ Kf7 26.Kc4 Rd8 27.a4 g5 28.
Re1 Nd7 29.a5 Rc8 30.Kb4 g4 31.Nd2 Bd8 32.Nc4 Bf6 33.Rd1 Kg6 34.c6 bxc6 
35.b6 axb6 36.axb6 Nxb6 37.Nxb6 Rd8 38.Nc4 h4 39.Rg1 Kh5 40.Re1 Re8 41.Ne5
h3 42.Nd3 Kg6 43.Bg3 Kf5 44.Kc4 e5 45.Nb4 Re6 46.Nc2 e4 47.Bh2 Bh8 48.Ne3+
Kg5 49.Rg1 Kh5 50.Rxg4 Rf6 51.Rg8 1-0

[Event "4th EUR-ch (w)"]
[Site "Istanbul TUR"]
[Date "2003.06.06"]
[Round "5"]
[White "Slavina, Irina"]
[Black "Matveeva, Svetlana"]
[Result "0-1"]
[WhiteElo "2381"]
[BlackElo "2474"]
[EventDate "2003.06.01"]
[Board "11"]
[PlyCount "90"]
[EventRounds "11"]
[EventCountry "TUR"]

1.e4 e6 2.d4 d5 3.Nc3 Bb4 4.Ne2 dxe4 5.a3 Be7 6.g4 Bd7 7.Bg2 Bc6 8.Ng3 e3 
9.Bxc6+ Nxc6 10.Bxe3 Nf6 11.h3 Qd7 12.Qd3 O-O-O 13.O-O-O h5 14.g5 Nd5 15.
Nge4 g6 16.Kb1 a6 17.Ne2 b5 18.Nc1 Na5 19.Nb3 Nc4 20.Nbc5 Qc6 21.Bc1 Nd6 
22.b3 Nxe4 23.Nxe4 Rhf8 24.Rhg1 Kb7 25.h4 Nb6 26.Qe2 Rd5 27.Bb2 Rfd8 28.
Rc1 Rf5 29.f3 Ka8 30.Ka1 Rb8 31.Nd2 Qb7 32.Qe4 Bd6 33.c4 bxc4 34.Nxc4 Nxc4
35.Rxc4 Rf4 36.Qxb7+ Rxb7 37.d5 Rxf3 38.b4 exd5 39.Rc6 a5 40.bxa5 Rfb3 41.
a6 Rb8 42.a7 R8b7 43.Bc1 Rb1+ 44.Ka2 Be5 45.Rg2 Ra1# 0-1

[Event "4th EUR-ch (w)"]
[Site "Istanbul TUR"]
[Date "2003.06.06"]
[Round "5"]
[White "Cedikova, Katerina"]
[Black "Stiazhkina, Olga"]
[Result "1/2-1/2"]
[WhiteElo "2181"]
[BlackElo "2313"]
[EventDate "2003.06.01"]
[Board "33"]
[PlyCount "75"]
[EventRounds "11"]
[EventCountry "TUR"]

1.d4 d5 2.c4 c6 3.Nc3 e5 4.dxe5 d4 5.Ne4 Qa5+ 6.Nd2 c5 7.g3 Nc6 8.Nf3 Nge7
9.Bg2 Ng6 10.O-O Ngxe5 11.Nxe5 Nxe5 12.b4 Qxb4 13.Rb1 Qa5 14.Nb3 Qc7 15.e3
dxe3 16.Bxe3 Be6 17.Nxc5 Bxc5 18.Rxb7 Qc8 19.Bxc5 Qxc5 20.Qa4+ Kf8 21.Rb5 
Qxc4 22.Qa3+ Kg8 23.Rxe5 Rd8 24.Qxa7 Qxa2 25.Qe7 Rf8 26.Rfe1 h5 27.Bh3 Rh6
28.Bxe6 fxe6 29.R5e2 Qd5 30.Rxe6 Qd4 31.R1e3 Qd1+ 32.Kg2 Qd5+ 33.R3e4 Rf7 
34.Qe8+ Rf8 35.Qe7 Rf7 36.Qe8+ Rf8 37.Qe7 Rf7 38.Qe8+ 1/2-1/2

[Event "4th EUR-ch (w)"]
[Site "Istanbul TUR"]
[Date "2003.06.07"]
[Round "6"]
[White "Cmilyte, Viktorija"]
[Black "Kosintseva, Tatiana"]
[Result "1-0"]
[WhiteElo "2430"]
[BlackElo "2457"]
[EventDate "2003.06.01"]
[Board "4"]
[PlyCount "81"]
[EventRounds "11"]
[EventCountry "TUR"]

1.d4 f5 2.g3 Nf6 3.Bg2 g6 4.b3 Bg7 5.Bb2 O-O 6.Nf3 d6 7.O-O Qe8 8.c4 Na6 
9.Qc2 h6 10.Nbd2 c6 11.Rae1 g5 12.e4 Nb4 13.Qc3 a5 14.a3 Nxe4 15.Nxe4 fxe4
16.Rxe4 Bf5 17.Rfe1 Bxe4 18.Rxe4 Na6 19.Qe1 Qg6 20.h4 g4 21.h5 Qxh5 22.Nh2
Rae8 23.Rxg4 e5 24.dxe5 dxe5 25.Be4 Re6 26.Bc2 Nc5 27.b4 axb4 28.axb4 Nd7 
29.c5 Kh8 30.Rh4 Qe8 31.Ng4 e4 32.Qa1 Ne5 33.Nxe5 Bxe5 34.Bxe5+ Rxe5 35.
Rxe4 Rf5 36.Re3 Kg8 37.Bxf5 Rxe3 38.Qa2+ Kg7 39.fxe3 Qxe3+ 40.Qf2 Qc3 41.
Be6 1-0

[Event "4th EUR-ch (w)"]
[Site "Istanbul TUR"]
[Date "2003.06.07"]
[Round "6"]
[White "Khurtsidze, Nino"]
[Black "Matnadze, Ana"]
[Result "1/2-1/2"]
[WhiteElo "2427"]
[BlackElo "2386"]
[EventDate "2003.06.01"]
[Board "8"]
[PlyCount "137"]
[EventRounds "11"]
[EventCountry "TUR"]

1.d4 Nf6 2.c4 e6 3.Nc3 Bb4 4.e3 Nc6 5.Ne2 d5 6.a3 Be7 7.cxd5 exd5 8.Nf4 
Bf5 9.Be2 g5 10.Nd3 h5 11.Ne5 Kf8 12.O-O Be6 13.b4 Bd6 14.Bb2 Ng4 15.h3 
Nf6 16.f3 a5 17.Nxc6 bxc6 18.e4 Bf4 19.e5 Ne8 20.b5 Ng7 21.bxc6 Be3+ 22.
Kh2 Nf5 23.Nb5 Bf4+ 24.Kg1 Be3+ 25.Kh2 Bf4+ 26.Kg1 Ne3 27.Qb3 Nxf1 28.Rxf1
Qc8 29.a4 Kg7 30.Bc1 Bxc1 31.Rxc1 Qd8 32.Qe3 Rh6 33.Bd3 Qe7 34.f4 gxf4 35.
Qxf4 Rhh8 36.Rf1 Rac8 37.Rf3 h4 38.Bf5 Rh5 39.Bg4 Rh6 40.Nd6 cxd6 41.exd6 
Qf6 42.Qe3 Qd8 43.Qe5+ Kg8 44.Qf4 Bxg4 45.Qxg4+ Rg6 46.c7 Rxg4 47.cxd8=Q+ 
Rxd8 48.hxg4 Rxd6 49.Rf5 Kf8 50.Kh2 Ke7 51.g5 Rc6 52.Rxd5 Rc4 53.Rxa5 Rxd4
54.Kh3 Kf8 55.Ra6 Kg7 56.g3 hxg3 57.Kxg3 Rb4 58.Kf3 Rc4 59.Ra5 Kg6 60.Ke3 
Rb4 61.Kd3 Rh4 62.Kc3 Rf4 63.Kb3 Rf3+ 64.Kb4 Rf4+ 65.Kb5 Kxg5 66.Ra8 Rf1 
67.a5 f5 68.a6 Rb1+ 69.Kc6 1/2-1/2

[Event "4th EUR-ch (w)"]
[Site "Istanbul TUR"]
[Date "2003.06.07"]
[Round "6"]
[White "Llaneza Vega, Patricia"]
[Black "Foisor, Cristina"]
[Result "0-1"]
[WhiteElo "2294"]
[BlackElo "2395"]
[EventDate "2003.06.01"]
[Board "27"]
[PlyCount "108"]
[EventRounds "11"]
[EventCountry "TUR"]

1.e4 e6 2.d4 d5 3.Nc3 Bb4 4.Ne2 dxe4 5.a3 Be7 6.Nxe4 Nf6 7.N2g3 Nbd7 8.Bd3
c5 9.dxc5 Nxc5 10.Nxc5 Bxc5 11.O-O Qc7 12.Qe2 Bd7 13.Bd2 Bd6 14.c4 h5 15.
c5 Be5 16.Rae1 Ng4 17.b4 Bc6 18.Bg5 a6 19.Bh4 Bf6 20.Bxf6 gxf6 21.h3 Ne5 
22.Ne4 Ke7 23.Rc1 Rhg8 24.Rfd1 f5 25.Nd6 Rxg2+ 26.Kf1 Nxd3 27.Qxd3 Rag8 
28.Qd4 Bf3 29.Ke1 Bxd1 30.Rxd1 Rg1+ 31.Ke2 Rxd1 32.Kxd1 Rd8 33.Qh4+ Kf8 
34.Qxh5 Rxd6+ 35.cxd6 Qxd6+ 36.Kc2 Qd4 37.f3 Qc4+ 38.Kb2 Qe2+ 39.Kb1 Qe5 
40.Qh6+ Ke7 41.Qd2 f4 42.Qc1 Kf6 43.h4 Qd4 44.Qc8 Qd1+ 45.Kb2 Qe2+ 46.Kb1 
Qxf3 47.Qd8+ Kg7 48.Qg5+ Kh7 49.Qf6 Qb3+ 50.Kc1 Qxa3+ 51.Kc2 Qa2+ 52.Kc1 
Qc4+ 53.Kd1 Qd3+ 54.Kc1 Qg6 0-1

[Event "4th EUR-ch (w)"]
[Site "Istanbul TUR"]
[Date "2003.06.07"]
[Round "6"]
[White "Blazkova, Petra"]
[Black "Moser, Eva"]
[Result "1/2-1/2"]
[WhiteElo "2218"]
[BlackElo "2341"]
[EventDate "2003.06.01"]
[Board "38"]
[PlyCount "75"]
[EventRounds "11"]
[EventCountry "TUR"]

1.e4 c5 2.Nf3 Nc6 3.c3 e6 4.d4 d5 5.exd5 exd5 6.Bb5 Bd6 7.O-O Ne7 8.dxc5 
Bxc5 9.Nbd2 O-O 10.Nb3 Bd6 11.Bd3 h6 12.h3 Bc7 13.Be3 Qd6 14.Bc5 Qf6 15.
Nbd4 Rd8 16.Re1 Ng6 17.Bxg6 Qxg6 18.Nh4 Qf6 19.Nxc6 Qxc6 20.Bd4 Re8 21.Qh5
Bd7 22.Nf5 Bxf5 23.Qxf5 Re6 24.Re3 Rxe3 25.Bxe3 Re8 26.Rd1 Qa4 27.Qg4 Re4 
28.Qc8+ Re8 29.Qg4 Re4 30.Qc8+ Re8 31.Rd4 Qc6 32.Qf5 Re5 33.Qf3 Bb6 34.Rd3
Bc7 35.Rd1 Re6 36.g3 Rf6 37.Qg4 h5 38.Bd4 1/2-1/2

[Event "4th EUR-ch (w)"]
[Site "Istanbul TUR"]
[Date "2003.06.07"]
[Round "6"]
[White "Stiri, Alexandra"]
[Black "Lauterbach, Ingrid"]
[Result "1-0"]
[WhiteElo "2178"]
[BlackElo "2144"]
[EventDate "2003.06.01"]
[Board "51"]
[PlyCount "57"]
[EventRounds "11"]
[EventCountry "TUR"]

1.e4 d6 2.d4 Nf6 3.Nc3 g6 4.Be3 c6 5.h3 Bg7 6.f4 Qa5 7.Qf3 e5 8.Ne2 Nbd7 
9.dxe5 dxe5 10.f5 b5 11.g4 b4 12.Nd1 Nc5 13.b3 Bb7 14.Ng3 O-O-O 15.g5 Ne8 
16.Nb2 Nd6 17.Bc4 Nxc4 18.Nxc4 Rd7 19.O-O Ba6 20.Qe2 Bf8 21.a3 bxa3 22.b4 
Bxc4 23.Qxc4 Qa6 24.Qc3 Nb7 25.Qxe5 Rg8 26.Qe8+ Nd8 27.fxg6 Re7 28.gxf7 
Rh8 29.Rfd1 1-0

[Event "4th EUR-ch (w)"]
[Site "Istanbul TUR"]
[Date "2003.06.08"]
[Round "7"]
[White "Galliamova, Alisa"]
[Black "Cramling, Pia"]
[Result "1-0"]
[WhiteElo "2489"]
[BlackElo "2470"]
[EventDate "2003.06.01"]
[Board "1"]
[PlyCount "115"]
[EventRounds "11"]
[EventCountry "TUR"]

1.e4 c5 2.Nf3 e6 3.d4 cxd4 4.Nxd4 a6 5.Bd3 Bc5 6.c3 Nc6 7.Nxc6 dxc6 8.O-O 
e5 9.b4 Ba7 10.Qf3 Be6 11.Na3 b5 12.Qg3 Ne7 13.Bc2 Ng6 14.Bb3 Qe7 15.Nc2 
O-O 16.Be3 Rfd8 17.Rfd1 Bxe3 18.Qxe3 Rxd1+ 19.Rxd1 Bxb3 20.axb3 Rd8 21.Rd2
h6 22.Ne1 Rxd2 23.Qxd2 Qe6 24.Qd1 Nf4 25.g3 Qg6 26.f3 Nh3+ 27.Kg2 Ng5 28.
Qd7 Ne6 29.Kf1 Qh5 30.Kg1 Kh7 31.h4 c5 32.bxc5 Nxc5 33.Qd5 Ne6 34.b4 Nf8 
35.Kf2 f6 36.Qb7 Qe8 37.Qxa6 Qd7 38.Qa2 Qc6 39.Qd2 Nd7 40.Qd5 Qxd5 41.exd5
Nb6 42.d6 Kg8 43.Nc2 Kf7 44.Na3 Ke6 45.Nxb5 Kd7 46.Ke2 Kc6 47.Nc7 g6 48.
Kd3 Kxd6 49.Na6 Kd5 50.c4+ Ke6 51.b5 f5 52.c5 Nd7 53.Nc7+ Kf7 54.Kc4 e4 
55.fxe4 fxe4 56.Nd5 Ke6 57.Kd4 e3 58.Ke4 1-0

[Event "4th EUR-ch (w)"]
[Site "Istanbul TUR"]
[Date "2003.06.08"]
[Round "7"]
[White "Sebag, Marie"]
[Black "Stefanova, Antoaneta"]
[Result "0-1"]
[WhiteElo "2394"]
[BlackElo "2550"]
[EventDate "2003.06.01"]
[Board "3"]
[PlyCount "123"]
[EventRounds "11"]
[EventCountry "TUR"]

1.e4 e5 2.Bc4 Nf6 3.d3 c6 4.Nf3 d5 5.Bb3 a5 6.a3 Bd6 7.exd5 Nxd5 8.O-O O-O
9.Re1 Nd7 10.Nbd2 Re8 11.Ne4 Bf8 12.Ng3 g6 13.d4 exd4 14.Rxe8 Qxe8 15.Bxd5
cxd5 16.Qxd4 Qe6 17.Bd2 Bg7 18.Qh4 Nf8 19.Re1 Qc6 20.Bh6 Bf6 21.Re8 Bg7 
22.Bxg7 Qxe8 23.Qh6 Ne6 24.Bf6 Qf8 25.Qh4 Ra6 26.Bc3 Qd8 27.Bf6 Qf8 28.Bc3
Rc6 29.Ne2 Rc4 30.Qf6 Ng7 31.h3 Rc6 32.Qd4 Be6 33.Ne5 Ra6 34.Ng4 Bxg4 35.
hxg4 Re6 36.Ng3 f6 37.Qxd5 Qd6 38.Qf3 Qc6 39.Qd3 b6 40.f3 Qd6 41.Qxd6 Rxd6
42.Kf2 Ne8 43.Ne4 Rc6 44.Ke3 Kf7 45.Kd3 h6 46.Bd4 f5 47.gxf5 gxf5 48.Ng3 
Nd6 49.Ne2 Nb5 50.Be3 Rd6+ 51.Kc4 Na7 52.Nf4 Rc6+ 53.Kd3 Nc8 54.b3 b5 55.
Ne2 Ne7 56.Nd4 Rg6 57.Nxb5 h5 58.Nd4 Rxg2 59.Ne2 Ng6 60.Bd2 h4 61.Be1 h3 
62.Ng1 0-1

[Event "4th EUR-ch (w)"]
[Site "Istanbul TUR"]
[Date "2003.06.08"]
[Round "7"]
[White "Bojkovic, Natasa"]
[Black "Zimina, Olga"]
[Result "0-1"]
[WhiteElo "2416"]
[BlackElo "2358"]
[EventDate "2003.06.01"]
[Board "5"]
[PlyCount "59"]
[EventRounds "11"]
[EventCountry "TUR"]

1.c4 c6 2.e4 d5 3.exd5 cxd5 4.d4 Nf6 5.Nc3 g6 6.cxd5 Nxd5 7.Qb3 Nb6 8.d5 
Bg7 9.Be3 O-O 10.Rd1 Na6 11.Nf3 Qd6 12.a3 Nc5 13.Qb4 Nca4 14.Nxa4 Qxb4+ 
15.axb4 Nxa4 16.b3 Nc3 17.Rd2 a5 18.bxa5 Rxa5 19.Rc2 Bf5 20.Rc1 Na2 21.Rc7
Nc3 22.Bd4 Nxd5 23.Rxb7 Rc8 24.Bxg7 Rc1+ 25.Ke2 Ra2+ 26.Nd2 Kxg7 27.g4 Be4
28.Bg2 Nf4+ 29.Ke3 Nxg2+ 30.Kd4 0-1

[Event "4th EUR-ch (w)"]
[Site "Istanbul TUR"]
[Date "2003.06.08"]
[Round "7"]
[White "Socko, Monika"]
[Black "Khurtsidze, Nino"]
[Result "0-1"]
[WhiteElo "2381"]
[BlackElo "2427"]
[EventDate "2003.06.01"]
[Board "12"]
[PlyCount "80"]
[EventRounds "11"]
[EventCountry "TUR"]

1.d4 d5 2.c4 e6 3.Nc3 Be7 4.Bf4 Nf6 5.e3 O-O 6.Rc1 a6 7.c5 b6 8.cxb6 cxb6 
9.Bd3 b5 10.Nf3 Nbd7 11.h3 Bb7 12.O-O Rc8 13.Qe2 Nb6 14.Ne5 Ne4 15.Nb1 f6 
16.Nf3 Nc4 17.b3 Na3 18.Rxc8 Qxc8 19.Nxa3 Bxa3 20.Nd2 Nxd2 21.Qxd2 Qc6 22.
Qe2 Qc3 23.Bb1 e5 24.dxe5 fxe5 25.Qh5 e4 26.Be5 Qc8 27.Qg5 Rf7 28.f3 Qf8 
29.Rd1 Be7 30.Qg3 exf3 31.Rd4 fxg2 32.Kxg2 Bf6 33.Bxf6 Rxf6 34.Bd3 Qd6 35.
Qxd6 Rxd6 36.Kf3 Re6 37.Kf4 Kf7 38.Bf5 Rf6 39.Ke5 g6 40.Bg4 Ke7 0-1

[Event "4th EUR-ch (w)"]
[Site "Istanbul TUR"]
[Date "2003.06.08"]
[Round "7"]
[White "Mkrtchian, Lilit"]
[Black "Djingarova, Emilia"]
[Result "1-0"]
[WhiteElo "2416"]
[BlackElo "2310"]
[EventDate "2003.06.01"]
[Board "15"]
[PlyCount "147"]
[EventRounds "11"]
[EventCountry "TUR"]

1.Nf3 Nf6 2.d4 d5 3.c4 c6 4.e3 a6 5.Bd3 Bg4 6.Nbd2 e6 7.O-O Nbd7 8.b3 Be7 
9.Bb2 O-O 10.Qc2 Bh5 11.Ne5 Bg6 12.Nxg6 hxg6 13.Rad1 Qc7 14.h3 Rac8 15.Rc1
Qb8 16.Qd1 c5 17.dxc5 Bxc5 18.cxd5 Nxd5 19.Qe2 Bd6 20.Nf3 Ne5 21.Be4 Nxf3+
22.Qxf3 Be5 23.Bxe5 Qxe5 24.Bxd5 exd5 25.Rcd1 Qb2 26.Qxd5 Qxa2 27.Ra1 Qc2 
28.Qxb7 Rb8 29.Qxa6 Qxb3 30.Rfd1 Qc2 31.Rac1 Qf5 32.Qa3 Rfc8 33.Qd6 Ra8 
34.Qd4 Rxc1 35.Rxc1 Rc8 36.Rd1 Qe6 37.Qd5 Qxd5 38.Rxd5 Rc2 39.Rd8+ Kh7 40.
h4 Rc5 41.f4 f6 42.Rf8 g5 43.hxg5 fxg5 44.f5 Re5 45.Kf2 g4 46.Kg3 Rxe3+ 
47.Kxg4 Re4+ 48.Kg5 Re5 49.g4 Ra5 50.Re8 Rb5 51.Re7 Ra5 52.Kh5 Rb5 53.Kg5 
Ra5 54.Re8 Rb5 55.Kf4 Rb1 56.Rd8 Rb7 57.Kf3 Rb3+ 58.Kf4 Rb4+ 59.Kg5 Rb5 
60.Rf8 Ra5 61.Kh4 Ra4 62.Kh5 Ra1 63.Rc8 Ra5 64.Kh4 Ra4 65.Kh5 Ra5 66.Rb8 
g6+ 67.Kg5 gxf5 68.gxf5 Kg7 69.Rb7+ Kf8 70.Kg6 Ra1 71.Rb8+ Ke7 72.f6+ Ke6 
73.Re8+ Kd7 74.f7 1-0

[Event "4th EUR-ch (w)"]
[Site "Istanbul TUR"]
[Date "2003.06.08"]
[Round "7"]
[White "Tkeshelashvili, Sopio"]
[Black "Gaponenko, Inna"]
[Result "0-1"]
[WhiteElo "2293"]
[BlackElo "2417"]
[EventDate "2003.06.01"]
[Board "20"]
[PlyCount "34"]
[EventRounds "11"]
[EventCountry "TUR"]

1.d4 d5 2.c4 e6 3.Nf3 Nf6 4.Nc3 Be7 5.Bf4 O-O 6.e3 b6 7.cxd5 exd5 8.Bd3 
Bb7 9.O-O a6 10.Rc1 Nbd7 11.Ne5 Re8 12.Ne2 c5 13.Ng3 g6 14.Qf3 Nxe5 15.
Bxe5 Nd7 16.Bf4 Bf8 17.Rfd1 Be7 0-1

[Event "4th EUR-ch (w)"]
[Site "Istanbul TUR"]
[Date "2003.06.08"]
[Round "7"]
[White "Foisor, Cristina"]
[Black "Stiazhkina, Olga"]
[Result "1/2-1/2"]
[WhiteElo "2395"]
[BlackElo "2313"]
[EventDate "2003.06.01"]
[Board "21"]
[PlyCount "110"]
[EventRounds "11"]
[EventCountry "TUR"]

1.d4 Nf6 2.c4 g6 3.Nc3 d5 4.cxd5 Nxd5 5.e4 Nxc3 6.bxc3 Bg7 7.Qa4+ Nd7 8.
Nf3 O-O 9.Bg5 c5 10.Rb1 h6 11.Be3 Nb6 12.Qb3 cxd4 13.cxd4 Bg4 14.Be2 Rc8 
15.O-O Bxf3 16.Bxf3 Bxd4 17.Bxh6 Rc3 18.Qb4 Re8 19.Rbc1 Rxc1 20.Rxc1 e5 
21.Bd2 Nc8 22.g3 Ne7 23.Kg2 Qb6 24.Qxb6 Bxb6 25.Be2 Rc8 26.Rxc8+ Nxc8 27.
Bc4 Bc5 28.Bc3 Bd6 29.Kf3 Ne7 30.Kg4 Kg7 31.f4 f6 32.Be6 b5 33.Bd7 b4 34.
Bb2 a5 35.Kf3 Kf7 36.f5 gxf5 37.exf5 a4 38.Bxa4 Nxf5 39.Ke4 Nd4 40.Kd5 Bf8
41.Bd1 Bh6 42.Kc4 Bd2 43.Kd3 Be1 44.Bc1 Kg6 45.g4 f5 46.gxf5+ Kxf5 47.h3 
Nb5 48.Bg4+ Kf6 49.Kc4 Nd6+ 50.Kb3 Ne4 51.Bh6 Nf2 52.Bc8 Nd3 53.Be3 e4 54.
Ba6 Ke5 55.Kc2 Nf4 1/2-1/2

[Event "4th EUR-ch (w)"]
[Site "Istanbul TUR"]
[Date "2003.06.08"]
[Round "7"]
[White "Stepovaya-Dianchenko, Tatiana"]
[Black "Sharevich, Anna"]
[Result "0-1"]
[WhiteElo "2394"]
[BlackElo "2252"]
[EventDate "2003.06.01"]
[Board "22"]
[PlyCount "102"]
[EventRounds "11"]
[EventCountry "TUR"]

1.e4 c5 2.Nf3 e6 3.d3 Nc6 4.g3 Be7 5.Bg2 Nf6 6.O-O O-O 7.Re1 d5 8.e5 Ne8 
9.c3 Rb8 10.h4 b5 11.Bf4 b4 12.c4 Nc7 13.Nbd2 Bb7 14.Qe2 a5 15.Rad1 a4 16.
h5 h6 17.Nf1 b3 18.a3 Nd4 19.Nxd4 cxd4 20.Qg4 Kh8 21.Nd2 Na6 22.Nf3 Qb6 
23.Bc1 Bc5 24.Qf4 dxc4 25.dxc4 Bxf3 26.Qxf3 f5 27.exf6 Rxf6 28.Qg4 d3 29.
Re3 Rbf8 30.Rexd3 Rxf2 31.Kh1 e5 32.Rf3 R2xf3 33.Bxf3 Bd4 34.Rf1 Nc5 35.
Bg2 Rxf1+ 36.Bxf1 Qe6 37.Qe2 Qf5 38.Bg2 Qc2 39.Qf1 Qf2 40.Qxf2 Bxf2 41.Bd2
Bd4 42.Bb4 Nd3 43.Bc6 Nxb2 44.c5 Bxc5 45.Bc3 Nd1 46.Be1 b2 47.Be4 Bxa3 48.
Kg2 Bc5 49.Bd2 a3 50.Bb1 Nf2 51.Bc3 Nd1 0-1

[Event "4th EUR-ch (w)"]
[Site "Istanbul TUR"]
[Date "2003.06.08"]
[Round "7"]
[White "Velikhanli, Firuza"]
[Black "Pogonina, Natalia"]
[Result "1/2-1/2"]
[WhiteElo "2305"]
[BlackElo "2347"]
[EventDate "2003.06.01"]
[Board "29"]
[PlyCount "51"]
[EventRounds "11"]
[EventCountry "TUR"]

1.e4 c5 2.c3 g6 3.Nf3 Bg7 4.d4 cxd4 5.cxd4 d5 6.exd5 Nf6 7.Bb5+ Nbd7 8.d6 
e6 9.Nc3 O-O 10.O-O Nb6 11.Bf4 Nh5 12.Qd2 Nxf4 13.Qxf4 Bd7 14.Bxd7 Qxd7 
15.Ne4 Nd5 16.Qd2 Rad8 17.Rac1 Qb5 18.Rfe1 Rfe8 19.Ne5 f6 20.Nc4 b6 21.b3 
Qd7 22.a4 Bf8 23.Ne3 Qb7 24.Ng4 Bg7 25.Nh6+ Bxh6 26.Qxh6 1/2-1/2

[Event "4th EUR-ch (w)"]
[Site "Istanbul TUR"]
[Date "2003.06.08"]
[Round "7"]
[White "Cedikova, Katerina"]
[Black "Dergatschova-Daus, Anna"]
[Result "0-1"]
[WhiteElo "2181"]
[BlackElo "2250"]
[EventDate "2003.06.01"]
[Board "34"]
[PlyCount "46"]
[EventRounds "11"]
[EventCountry "TUR"]

1.d4 d5 2.c4 e6 3.Nc3 c6 4.Nf3 dxc4 5.e4 b5 6.a4 Bb4 7.Be2 Nf6 8.Qc2 Bb7 
9.O-O a6 10.e5 Nd5 11.Re1 Nd7 12.Ng5 Nf8 13.Bd2 g6 14.Bg4 h6 15.Nf3 Qc7 
16.h4 O-O-O 17.Be3 Nd7 18.Rec1 Nxe3 19.fxe3 Nb6 20.b3 Be7 21.bxc4 Nxc4 22.
Qb3 Nb6 23.axb5 axb5 0-1

[Event "4th EUR-ch (w)"]
[Site "Istanbul TUR"]
[Date "2003.06.08"]
[Round "7"]
[White "Janjgava, Natia"]
[Black "Jiretorn, Eva"]
[Result "1/2-1/2"]
[WhiteElo "2286"]
[BlackElo "2106"]
[EventDate "2003.06.01"]
[Board "44"]
[PlyCount "56"]
[EventRounds "11"]
[EventCountry "TUR"]

1.d4 Nf6 2.c4 g6 3.Nf3 Bg7 4.g3 O-O 5.Bg2 d6 6.O-O c6 7.Nc3 Qa5 8.e4 Nbd7 
9.Re1 e5 10.h3 exd4 11.Nxd4 Ne5 12.Bf1 Be6 13.Nxe6 fxe6 14.Kg2 Rad8 15.f4 
Nf7 16.Bd2 Qc7 17.Qf3 e5 18.f5 Kh8 19.g4 gxf5 20.exf5 Rg8 21.Kh1 Bh6 22.
Bxh6 Nxh6 23.Ne4 Qe7 24.Bg2 Nf7 25.Qf2 Nxe4 26.Bxe4 a6 27.Rf1 d5 28.cxd5 
cxd5 1/2-1/2

[Event "4th EUR-ch (w)"]
[Site "Istanbul TUR"]
[Date "2003.06.10"]
[Round "8"]
[White "Fakhiridou, Ekaterini"]
[Black "Kononenko, Tatiana"]
[Result "1-0"]
[WhiteElo "2276"]
[BlackElo "2370"]
[EventDate "2003.06.01"]
[Board "31"]
[PlyCount "95"]
[EventRounds "11"]
[EventCountry "TUR"]

1.e4 e6 2.d4 d5 3.Nc3 Bb4 4.Ne2 Nc6 5.exd5 exd5 6.a3 Ba5 7.Nf4 Nf6 8.Be2 
Ne4 9.Bd2 Bxc3 10.bxc3 O-O 11.O-O Na5 12.Bd3 Nc4 13.Bc1 c6 14.Qh5 Ncd6 15.
a4 Re8 16.h3 Bf5 17.Ne2 Nf6 18.Qf3 Be4 19.Bxe4 Nfxe4 20.Qd3 Nc4 21.Rb1 Qd7
22.Bf4 Re7 23.Ng3 Rae8 24.Rfe1 h6 25.Nh5 Re6 26.Rxe4 dxe4 27.Qxc4 g6 28.
Ng3 g5 29.Be3 Rg6 30.Qc5 b6 31.Qf5 Qd5 32.c4 Qxc4 33.Nxe4 Ree6 34.a5 Qa2 
35.Nc3 Qa3 36.axb6 axb6 37.Qd3 b5 38.Rb3 Qa1+ 39.Qf1 Qxf1+ 40.Kxf1 f5 41.
d5 Rd6 42.Bc5 Rd7 43.d6 Re6 44.Ne2 Re5 45.Rc3 b4 46.Rc4 Rb7 47.Nd4 Kf7 48.
Nxc6 1-0

[Event "4th EUR-ch (w)"]
[Site "Istanbul TUR"]
[Date "2003.06.10"]
[Round "8"]
[White "Houska, Jovanka"]
[Black "Richards, Heather"]
[Result "1/2-1/2"]
[WhiteElo "2386"]
[BlackElo "2237"]
[EventDate "2003.06.01"]
[Board "33"]
[PlyCount "21"]
[EventRounds "11"]
[EventCountry "TUR"]

1.e4 e5 2.f4 exf4 3.Bc4 Nf6 4.Nc3 c6 5.d4 d5 6.exd5 cxd5 7.Bb5+ Bd7 8.Bxf4
Bb4 9.Bxd7+ Nbxd7 10.Ne2 O-O 11.O-O 1/2-1/2